| 000 | 00487nam a2200181Ia 4500 | ||
|---|---|---|---|
| 008 | 180207s9999 xx 000 0 und d | ||
| 020 | _a9780618809110 | ||
| 050 | _bN735 2004 | ||
| 100 | _aNivola, Claire A. | ||
| 245 | 4 | _aThe flag maker / | |
| 245 | _cby Susan Campbell Bartoletti ; illustrated by Claire A. Nivola. | ||
| 260 | _aBoston : | ||
| 260 | _bHoughton Mifflin Company, | ||
| 260 | _c2004 | ||
| 300 | _a32 pages : | ||
| 300 | _bcolor illustration ; | ||
| 300 | _c24cm. | ||
| 999 |
_c355485 _d355485 |
||